00348 a2200097 4500082001500000100002400015245011700039260004300156300002600199650002500225 a363.12 THO aThompson, Bennie G. aDetour Ahead Critical Vulnerabilities in America's Rail and Mass Transit Security Programs /cBennie G. Thompson aUSA :bU. S. House of Representatives, a43p. :bill. ;c30 cm aRail And Mass Tansit